[Event "DEM U12 2023"]
[Site "Willingen GER"]
[Date "2023.05.31"]
[Round "6"]
[White "Yan, Haichen"]
[Black "Tomi, Emilian"]
[Result "1/2-1/2"]
[Termination "normal"]
[Board "26"]
[WhiteElo "1251"]
[BlackElo "1552"]
[WhiteClock "01:06:39"]
[BlackClock "00:26:45"]
[PlyCount "127"]
[WhiteFideId "34607951"]
[BlackFideId "34651829"]
[EventCountry "GER"]
[EventRounds "9"]
[EventType "swiss"]
[EventDate "2023.05.27"]

1. d4 {[%clk 01:30:57]} {[%emt 00:00:03]} Nf6 {[%clk 01:30:56]} {[%emt
00:00:04]} 2. c4 {[%clk 01:31:17]} {[%emt 00:00:10]} e6 {[%clk 01:31:21]}
{[%emt 00:00:05]} 3. Nc3 {[%clk 01:31:40]} {[%emt 00:00:07]} Bb4 {[%clk
01:31:47]} {[%emt 00:00:05]} 4. Bg5 {[%clk 01:31:58]} {[%emt 00:00:11]} d5
{[%clk 01:31:28]} {[%emt 00:00:49]} 5. e3 {[%clk 01:32:02]} {[%emt 00:00:27]}
O-O {[%clk 01:31:49]} {[%emt 00:00:09]} 6. Nf3 {[%clk 01:32:25]} {[%emt
00:00:06]} Nbd7 {[%clk 01:30:51]} {[%emt 00:01:28]} 7. Bd3 {[%clk 01:32:19]}
{[%emt 00:00:36]} h6 {[%clk 01:31:00]} {[%emt 00:00:21]} 8. Bh4 {[%clk
01:32:44]} {[%emt 00:00:05]} b6 {[%clk 01:27:46]} {[%emt 00:03:44]} 9. O-O
{[%clk 01:32:02]} {[%emt 00:01:12]} Bxc3 {[%clk 01:27:16]} {[%emt 00:01:00]}
10. bxc3 {[%clk 01:32:24]} {[%emt 00:00:07]} Bb7 {[%clk 01:27:09]} {[%emt
00:00:38]} 11. cxd5 {[%clk 01:30:58]} {[%emt 00:01:56]} exd5 {[%clk 01:26:44]}
{[%emt 00:00:55]} 12. Qe2 {[%clk 01:29:08]} {[%emt 00:02:20]} Re8 {[%clk
01:25:24]} {[%emt 00:01:51]} 13. Ba6 {[%clk 01:29:17]} {[%emt 00:00:21]} Qc8
{[%clk 01:24:19]} {[%emt 00:01:34]} 14. Bxb7 {[%clk 01:29:22]} {[%emt
00:00:24]} Qxb7 {[%emt 00:00:45]} 15. Bxf6 {[%clk 01:28:37]} {[%emt 00:01:13]}
Nxf6 {[%clk 01:24:28]} {[%emt 00:00:09]} 16. c4 {[%clk 01:28:45]} {[%emt
00:00:22]} Rac8 {[%clk 01:20:06]} {[%emt 00:04:52]} 17. cxd5 {[%clk 01:25:52]}
{[%emt 00:03:23]} Qxd5 {[%clk 01:20:22]} {[%emt 00:00:14]} 18. Qa6 {[%clk
01:25:37]} {[%emt 00:00:45]} Qa8 {[%clk 01:19:57]} {[%emt 00:00:55]} 19. Rfc1
{[%clk 01:20:44]} {[%emt 00:05:23]} c5 {[%clk 01:18:04]} {[%emt 00:02:24]} 20.
dxc5 {[%clk 01:18:51]} {[%emt 00:02:22]} bxc5 {[%clk 01:17:33]} {[%emt
00:01:02]} 21. Qa5 {[%clk 01:18:07]} {[%emt 00:01:14]} Nd7 {[%clk 01:15:35]}
{[%emt 00:02:27]} 22. Rc3 {[%clk 01:15:50]} {[%emt 00:02:47]} Qb7 {[%clk
01:03:11]} {[%emt 00:12:54]} 23. Rb3 {[%clk 01:09:04]} {[%emt 00:07:16]} Nb6
{[%clk 00:58:33]} {[%emt 00:05:08]} 24. Rc1 {[%clk 01:08:37]} {[%emt 00:00:57]}
c4 {[%clk 00:58:55]} {[%emt 00:00:09]} 25. Rb2 {[%clk 01:07:36]} {[%emt
00:01:28]} Re7 {[%clk 00:53:43]} {[%emt 00:05:44]} 26. Nd2 {[%clk 01:01:21]}
{[%emt 00:06:44]} Rec7 {[%clk 00:46:14]} {[%emt 00:07:59]} 27. Qc3 {[%clk
00:57:03]} {[%emt 00:04:49]} Qd5 {[%clk 00:36:26]} {[%emt 00:10:18]} 28. Rbc2
{[%clk 00:55:09]} {[%emt 00:02:24]} Nd7 {[%clk 00:33:24]} {[%emt 00:03:32]} 29.
Qd4 {[%clk 00:53:58]} {[%emt 00:01:41]} Qxd4 {[%clk 00:33:10]} {[%emt
00:00:44]} 30. exd4 {[%clk 00:53:59]} {[%emt 00:00:29]} Nb6 {[%clk 00:33:37]}
{[%emt 00:00:03]} 31. Rc3 {[%clk 00:52:35]} {[%emt 00:01:54]} Kf8 {[%clk
00:32:49]} {[%emt 00:01:19]} 32. Kf1 {[%clk 00:51:57]} {[%emt 00:01:08]} Ke7
{[%clk 00:32:38]} {[%emt 00:00:41]} 33. Ke2 {[%clk 00:47:18]} {[%emt 00:05:08]}
Kd6 {[%clk 00:32:22]} {[%emt 00:00:46]} 34. Kf3 {[%clk 00:46:59]} {[%emt
00:00:49]} Kd5 {[%clk 00:31:49]} {[%emt 00:01:03]} 35. Ne4 {[%clk 00:45:03]}
{[%emt 00:02:26]} Nd7 {[%clk 00:27:59]} {[%emt 00:04:21]} 36. Rd1 {[%clk
00:44:28]} {[%emt 00:01:05]} f5 {[%clk 00:23:23]} {[%emt 00:05:07]} 37. Ng3
{[%clk 00:43:13]} {[%emt 00:01:45]} g6 {[%clk 00:23:11]} {[%emt 00:00:42]} 38.
h4 {[%clk 00:42:40]} {[%emt 00:01:02]} Nf6 {[%clk 00:20:31]} {[%emt 00:03:11]}
39. Ne2 {[%clk 00:42:20]} {[%emt 00:00:46]} g5 {[%clk 00:18:44]} {[%emt
00:02:20]} 40. hxg5 {[%clk 00:41:26]} {[%emt 00:01:24]} hxg5 {[%clk 00:19:12]}
{[%emt 00:00:03]} 41. Ng3 {[%clk 00:40:57]} {[%emt 00:00:57]} f4 {[%clk
00:17:17]} {[%emt 00:02:26]} 42. Ne2 {[%clk 00:39:45]} {[%emt 00:01:42]} Ne4
{[%clk 00:13:58]} {[%emt 00:03:49]} 43. Rc2 {[%clk 00:39:52]} {[%emt 00:00:23]}
Rf8 {[%clk 00:11:08]} {[%emt 00:03:21]} 44. Nc3+ {[%clk 00:38:58]} {[%emt
00:01:24]} Nxc3 {[%clk 00:11:13]} {[%emt 00:00:25]} 45. Rxc3 {[%clk 00:39:19]}
{[%emt 00:00:09]} Rg7 {[%clk 00:10:28]} {[%emt 00:01:15]} 46. Rdc1 {[%clk
00:38:28]} {[%emt 00:01:21]} g4+ {[%clk 00:10:43]} {[%emt 00:00:15]} 47. Ke2
{[%clk 00:38:33]} {[%emt 00:00:24]} Rc7 {[%clk 00:09:47]} {[%emt 00:01:27]} 48.
Kd2 {[%clk 00:38:22]} {[%emt 00:00:41]} Rff7 {[%clk 00:06:51]} {[%emt
00:03:26]} 49. Kc2 {[%clk 00:36:43]} {[%emt 00:02:09]} Rfe7 {[%clk 00:04:31]}
{[%emt 00:02:51]} 50. Rd1 {[%clk 00:36:23]} {[%emt 00:00:49]} Re2+ {[%clk
00:03:51]} {[%emt 00:01:09]} 51. Rd2 {[%clk 00:36:47]} {[%emt 00:00:06]} Rxd2+
{[%clk 00:04:16]} {[%emt 00:00:05]} 52. Kxd2 {[%clk 00:37:13]} {[%emt
00:00:03]} Kxd4 {[%clk 00:04:40]} {[%emt 00:00:07]} 53. Ra3 {[%clk 00:36:53]}
{[%emt 00:00:50]} Kc5 {[%clk 00:00:52]} {[%emt 00:04:19]} 54. Ra5+ {[%clk
00:36:12]} {[%emt 00:01:10]} Kd4 {[%clk 00:28:57]} {[%emt 00:02:24]} 55. Rf5
{[%clk 01:06:28]} {[%emt 00:00:14]} Ke4 {[%clk 00:28:48]} {[%emt 00:00:40]} 56.
Rg5 {[%clk 01:06:51]} {[%emt 00:00:06]} Rd7+ {[%clk 00:26:25]} {[%emt
00:02:53]} 57. Kc3 {[%clk 01:06:51]} {[%emt 00:00:30]} Rd3+ {[%emt 00:00:34]}
58. Kxc4 {[%clk 01:06:55]} {[%emt 00:00:01]} Rd2 {[%clk 00:26:42]} {[%emt
00:00:34]} 59. Rxg4 {[%clk 01:06:50]} {[%emt 00:00:35]} Kf5 {[%clk 00:26:24]}
{[%emt 00:00:48]} 60. f3 {[%clk 01:05:34]} {[%emt 00:01:46]} Rxa2 {[%clk
00:26:40]} {[%emt 00:00:14]} 61. Rg8 {[%clk 01:05:28]} {[%emt 00:00:36]} a5
{[%clk 00:26:52]} {[%emt 00:00:18]} 62. Rf8+ {[%clk 01:05:50]} {[%emt
00:00:07]} Kg5 {[%clk 00:27:02]} {[%emt 00:00:21]} 63. Rg8+ {[%clk 01:06:15]}
{[%emt 00:00:05]} Kf5 {[%clk 00:26:45]} {[%emt 00:00:47]} 64. Rf8+ {[%clk
01:06:39]} {[%emt 00:00:06]} 1/2-1/2

[Event "DEM U12 2023"]
[Site "Willingen GER"]
[Date "2023.05.31"]
[Round "6"]
[White "Müller, Anker"]
[Black "Spielvogel, Oliver"]
[Result "0-1"]
[Termination "normal"]
[Board "27"]
[WhiteElo "1600"]
[BlackElo "1304"]
[WhiteClock "00:10:45"]
[BlackClock "00:11:04"]
[PlyCount "132"]
[WhiteFideId "1472070"]
[BlackFideId "16296494"]
[EventCountry "GER"]
[EventRounds "9"]
[EventType "swiss"]
[EventDate "2023.05.27"]

1. e4 {[%clk 01:30:58]} {[%emt 00:00:02]} c5 {[%clk 01:30:00]} {[%emt
00:01:00]} 2. Nf3 {[%clk 01:31:22]} {[%emt 00:00:06]} e6 {[%clk 01:30:23]}
{[%emt 00:00:08]} 3. d4 {[%clk 01:31:41]} {[%emt 00:00:11]} cxd4 {[%clk
01:30:49]} {[%emt 00:00:04]} 4. Nxd4 {[%clk 01:32:09]} {[%emt 00:00:02]} a6
{[%clk 01:31:12]} {[%emt 00:00:07]} 5. c4 {[%clk 01:32:24]} {[%emt 00:00:14]}
b6 {[%clk 01:31:09]} {[%emt 00:00:33]} 6. Nc3 {[%clk 01:32:27]} {[%emt
00:00:26]} d6 {[%clk 01:31:28]} {[%emt 00:00:10]} 7. Be3 {[%clk 01:32:43]}
{[%emt 00:00:15]} Nf6 {[%clk 01:31:46]} {[%emt 00:00:12]} 8. Be2 {[%clk
01:32:48]} {[%emt 00:00:24]} Be7 {[%clk 01:32:07]} {[%emt 00:00:10]} 9. O-O
{[%clk 01:33:01]} {[%emt 00:00:17]} O-O {[%clk 01:32:31]} {[%emt 00:00:06]} 10.
Rc1 {[%clk 01:32:02]} {[%emt 00:01:29]} Bb7 {[%clk 01:32:42]} {[%emt 00:00:19]}
11. f3 {[%clk 01:31:48]} {[%emt 00:00:44]} Nbd7 {[%clk 01:32:47]} {[%emt
00:00:26]} 12. Qd2 {[%clk 01:31:24]} {[%emt 00:00:54]} Rc8 {[%clk 01:31:48]}
{[%emt 00:01:29]} 13. Rfd1 {[%clk 01:27:43]} {[%emt 00:04:10]} Ne5 {[%clk
01:29:31]} {[%emt 00:02:48]} 14. b3 {[%clk 01:26:37]} {[%emt 00:01:36]} Ng6
{[%clk 01:26:40]} {[%emt 00:03:21]} 15. Nc2 {[%clk 01:20:26]} {[%emt 00:06:40]}
Qc7 {[%clk 01:18:45]} {[%emt 00:08:26]} 16. Na4 {[%clk 01:18:33]} {[%emt
00:02:22]} Nd7 {[%clk 01:18:17]} {[%emt 00:00:58]} 17. b4 {[%clk 01:17:31]}
{[%emt 00:01:32]} Nge5 {[%clk 01:14:18]} {[%emt 00:04:29]} 18. Na3 {[%clk
01:16:33]} {[%emt 00:01:28]} Rfd8 {[%clk 01:07:33]} {[%emt 00:07:15]} 19. Qd4
{[%clk 01:12:02]} {[%emt 00:05:00]} Nc6 {[%clk 01:06:59]} {[%emt 00:01:05]} 20.
Qd2 {[%clk 01:11:14]} {[%emt 00:01:17]} Nce5 {[%clk 01:04:22]} {[%emt
00:03:08]} 21. Bf1 {[%clk 01:01:58]} {[%emt 00:09:44]} Nc6 {[%clk 00:50:17]}
{[%emt 00:14:37]} 22. b5 {[%clk 01:01:44]} {[%emt 00:00:45]} Ncb8 {[%clk
00:50:15]} {[%emt 00:00:31]} 23. bxa6 {[%clk 01:00:13]} {[%emt 00:02:02]} Bxa6
{[%clk 00:49:51]} {[%emt 00:00:53]} 24. Rb1 {[%clk 01:00:24]} {[%emt 00:00:19]}
d5 {[%clk 00:43:14]} {[%emt 00:07:06]} 25. Nxb6 {[%clk 00:36:01]} {[%emt
00:24:56]} Nxb6 {[%clk 00:43:15]} {[%emt 00:00:29]} 26. Bxb6 {[%clk 00:30:57]}
{[%emt 00:05:42]} Bc5+ {[%clk 00:43:27]} {[%emt 00:00:19]} 27. Bxc5 {[%clk
00:30:49]} {[%emt 00:00:38]} Qxc5+ {[%clk 00:43:50]} {[%emt 00:00:07]} 28. Qf2
{[%clk 00:29:50]} {[%emt 00:01:28]} Qxa3 {[%clk 00:44:10]} {[%emt 00:00:10]}
29. cxd5 {[%clk 00:28:01]} {[%emt 00:02:20]} Bxf1 {[%emt 00:03:52]} 30. Kxf1
{[%clk 00:27:41]} {[%emt 00:00:37]} exd5 {[%clk 00:39:12]} {[%emt 00:02:18]}
31. exd5 {[%clk 00:27:14]} {[%emt 00:00:57]} g6 {[%clk 00:34:46]} {[%emt
00:04:55]} 32. Rb6 {[%clk 00:20:32]} {[%emt 00:07:12]} Na6 {[%clk 00:28:41]}
{[%emt 00:06:36]} 33. d6 {[%clk 00:18:41]} {[%emt 00:02:22]} Nb4 {[%clk
00:25:14]} {[%emt 00:03:55]} 34. d7 {[%clk 00:13:46]} {[%emt 00:05:26]} Rc1
{[%clk 00:24:18]} {[%emt 00:01:26]} 35. Qe1 {[%clk 00:13:42]} {[%emt 00:00:34]}
Rxd1 {[%clk 00:20:42]} {[%emt 00:04:06]} 36. Qxd1 {[%clk 00:13:49]} {[%emt
00:00:24]} Qd3+ {[%clk 00:21:05]} {[%emt 00:00:07]} 37. Qxd3 {[%clk 00:14:10]}
{[%emt 00:00:08]} Nxd3 {[%clk 00:21:30]} {[%emt 00:00:06]} 38. Rd6 {[%clk
00:13:01]} {[%emt 00:01:37]} Ne5 {[%clk 00:20:12]} {[%emt 00:01:50]} 39. Rd5
{[%clk 00:12:01]} {[%emt 00:01:30]} Nxd7 {[%clk 00:20:19]} {[%emt 00:00:22]}
40. a4 {[%clk 00:10:20]} {[%emt 00:02:11]} Kf8 {[%clk 00:20:35]} {[%emt
00:00:14]} 41. a5 {[%clk 00:10:40]} {[%emt 00:00:11]} Ke7 {[%clk 00:20:38]}
{[%emt 00:00:26]} 42. a6 {[%clk 00:09:03]} {[%emt 00:02:08]} Ra8 {[%clk
00:20:43]} {[%emt 00:00:24]} 43. h4 {[%clk 00:08:06]} {[%emt 00:01:27]} Rxa6
{[%clk 00:20:31]} {[%emt 00:00:42]} 44. Kf2 {[%clk 00:08:19]} {[%emt 00:00:17]}
Ke6 {[%clk 00:20:40]} {[%emt 00:00:20]} 45. Rd2 {[%clk 00:08:32]} {[%emt
00:00:17]} Ra4 {[%clk 00:20:11]} {[%emt 00:00:58]} 46. g4 {[%clk 00:08:44]}
{[%emt 00:00:21]} Ne5 {[%clk 00:17:44]} {[%emt 00:02:55]} 47. Re2 {[%clk
00:08:35]} {[%emt 00:00:41]} Rf4 {[%clk 00:17:13]} {[%emt 00:00:58]} 48. Re3
{[%clk 00:08:49]} {[%emt 00:00:18]} Kd6 {[%clk 00:16:56]} {[%emt 00:00:46]} 49.
Kg3 {[%clk 00:09:09]} {[%emt 00:00:11]} Rd4 {[%clk 00:16:11]} {[%emt 00:01:10]}
50. f4 {[%clk 00:08:30]} {[%emt 00:01:14]} Nc4 {[%clk 00:16:17]} {[%emt
00:00:23]} 51. Rf3 {[%clk 00:08:52]} {[%emt 00:00:07]} Nd2 {[%clk 00:14:04]}
{[%emt 00:02:44]} 52. Ra3 {[%clk 00:09:08]} {[%emt 00:00:14]} Ne4+ {[%clk
00:13:30]} {[%emt 00:00:59]} 53. Kf3 {[%clk 00:09:05]} {[%emt 00:00:37]} Nf6
{[%clk 00:13:07]} {[%emt 00:00:51]} 54. Ra6+ {[%clk 00:08:00]} {[%emt
00:01:39]} Ke7 {[%clk 00:13:15]} {[%emt 00:00:22]} 55. Ra7+ {[%clk 00:07:10]}
{[%emt 00:01:20]} Kf8 {[%clk 00:12:58]} {[%emt 00:00:45]} 56. Ra6 {[%clk
00:07:21]} {[%emt 00:00:20]} Nd5 {[%clk 00:13:16]} {[%emt 00:00:13]} 57. f5
{[%clk 00:07:37]} {[%emt 00:00:14]} gxf5 {[%clk 00:13:24]} {[%emt 00:00:21]}
58. gxf5 {[%clk 00:08:01]} {[%emt 00:00:07]} Rxh4 {[%clk 00:13:44]} {[%emt
00:00:10]} 59. Ra5 {[%clk 00:08:12]} {[%emt 00:00:19]} Rf4+ {[%clk 00:11:18]}
{[%emt 00:02:55]} 60. Kg3 {[%clk 00:08:36]} {[%emt 00:00:06]} Rxf5 {[%clk
00:11:26]} {[%emt 00:00:22]} 61. Ra8+ {[%clk 00:08:51]} {[%emt 00:00:15]} Kg7
{[%clk 00:11:35]} {[%emt 00:00:21]} 62. Kg4 {[%clk 00:09:16]} {[%emt 00:00:06]}
Ne3+ {[%clk 00:11:27]} {[%emt 00:00:37]} 63. Kg3 {[%emt 00:00:15]} h5 {[%clk
00:11:47]} 64. Re8 {[%emt 00:01:48]} Nd5 {[%clk 00:10:38]} 65. Rd8 {[%clk
00:10:18]} {[%emt 00:00:11]} Kg6 {[%clk 00:10:52]} {[%emt 00:00:13]} 66. Rd6+
{[%clk 00:10:45]} {[%emt 00:00:05]} Kg5 {[%clk 00:11:04]} {[%emt 00:00:18]} 0-1

[Event "DEM U12 2023"]
[Site "Willingen GER"]
[Date "2023.05.31"]
[Round "6"]
[White "Lupei, Denis"]
[Black "Lehmann, Anton"]
[Result "1/2-1/2"]
[Termination "normal"]
[Board "28"]
[WhiteElo "1374"]
[BlackElo "1285"]
[WhiteClock "00:09:52"]
[BlackClock "00:38:51"]
[PlyCount "102"]
[WhiteFideId "34611231"]
[BlackFideId "34660267"]
[EventCountry "GER"]
[EventRounds "9"]
[EventType "swiss"]
[EventDate "2023.05.27"]

1. e4 {[%clk 01:30:52]} {[%emt 00:00:07]} e5 {[%clk 01:30:54]} {[%emt
00:00:06]} 2. Nf3 {[%clk 01:31:10]} {[%emt 00:00:11]} Nc6 {[%clk 01:31:21]}
{[%emt 00:00:04]} 3. Bc4 {[%clk 01:31:06]} {[%emt 00:00:34]} Nf6 {[%clk
01:31:47]} {[%emt 00:00:05]} 4. d3 {[%clk 01:30:48]} {[%emt 00:00:48]} Bc5
{[%clk 01:32:11]} {[%emt 00:00:05]} 5. c3 {[%clk 01:30:26]} {[%emt 00:00:51]}
h6 {[%clk 01:32:30]} {[%emt 00:00:12]} 6. Nbd2 {[%clk 01:29:57]} {[%emt
00:00:59]} d6 {[%clk 01:32:42]} {[%emt 00:00:19]} 7. O-O {[%clk 01:28:47]}
{[%emt 00:01:39]} g5 {[%clk 01:30:03]} {[%emt 00:03:08]} 8. b4 {[%clk
01:22:08]} {[%emt 00:07:11]} Bb6 {[%clk 01:30:24]} {[%emt 00:00:09]} 9. Qb3
{[%clk 01:20:54]} {[%emt 00:01:43]} Qe7 {[%clk 01:28:56]} {[%emt 00:01:57]} 10.
a4 {[%clk 01:17:37]} {[%emt 00:03:48]} a6 {[%clk 01:28:52]} {[%emt 00:00:34]}
11. Bb2 {[%clk 01:15:40]} {[%emt 00:02:27]} Be6 {[%clk 01:27:20]} {[%emt
00:02:03]} 12. a5 {[%clk 01:11:08]} {[%emt 00:05:00]} Ba7 {[%clk 01:25:38]}
{[%emt 00:02:14]} 13. b5 {[%clk 01:08:55]} {[%emt 00:02:42]} axb5 {[%clk
01:24:40]} {[%emt 00:01:28]} 14. Bxe6 {[%emt 00:04:50]} Qxe6 {[%clk 01:24:34]}
15. Qxb5 {[%clk 01:04:47]} {[%emt 00:00:53]} d5 {[%clk 01:16:55]} {[%emt
00:08:10]} 16. exd5 {[%clk 00:58:26]} {[%emt 00:06:50]} Qxd5 {[%clk 01:16:59]}
{[%emt 00:00:27]} 17. Qxd5 {[%clk 00:58:41]} {[%emt 00:00:14]} Nxd5 {[%clk
01:17:19]} {[%emt 00:00:11]} 18. c4 {[%clk 00:58:45]} {[%emt 00:00:26]} Nf4
{[%clk 01:17:36]} {[%emt 00:00:13]} 19. Nxe5 {[%clk 00:58:33]} {[%emt
00:00:42]} Nxe5 {[%clk 01:17:56]} {[%emt 00:00:10]} 20. Bxe5 {[%clk 00:58:35]}
{[%emt 00:00:28]} Rg8 {[%clk 01:18:12]} {[%emt 00:00:15]} 21. Ne4 {[%clk
00:57:36]} {[%emt 00:01:30]} O-O-O {[%clk 01:17:26]} {[%emt 00:01:15]} 22. Nf6
{[%clk 00:54:50]} {[%emt 00:03:16]} Rg6 {[%clk 01:17:10]} {[%emt 00:00:46]} 23.
Bxf4 {[%clk 00:55:00]} {[%emt 00:00:20]} Rxf6 {[%clk 01:15:40]} {[%emt
00:02:00]} 24. Be3 {[%clk 00:46:28]} {[%emt 00:09:02]} Bxe3 {[%clk 01:14:35]}
{[%emt 00:01:35]} 25. fxe3 {[%clk 00:46:57]} {[%emt 00:00:02]} Rxf1+ {[%clk
01:14:26]} {[%emt 00:00:39]} 26. Rxf1 {[%clk 00:43:22]} {[%emt 00:04:05]} Rxd3
{[%clk 01:13:41]} {[%emt 00:01:15]} 27. Rxf7 {[%clk 00:43:25]} {[%emt
00:00:26]} Rxe3 {[%emt 00:01:16]} 28. Rf6 {[%clk 00:42:45]} Rc3 {[%clk
01:13:02]} {[%emt 00:01:35]} 29. a6 {[%clk 00:40:46]} {[%emt 00:02:29]} bxa6
{[%clk 01:12:32]} {[%emt 00:00:59]} 30. Rxa6 {[%clk 00:40:57]} {[%emt
00:00:19]} Rxc4 {[%clk 01:12:27]} {[%emt 00:00:35]} 31. Rxh6 {[%clk 00:41:18]}
{[%emt 00:00:08]} Rc1+ {[%clk 01:12:40]} {[%emt 00:00:18]} 32. Kf2 {[%clk
00:41:36]} {[%emt 00:00:11]} Rd1 {[%clk 01:00:17]} {[%emt 00:12:53]} 33. Kg3
{[%clk 00:38:21]} {[%emt 00:03:45]} Kb7 {[%clk 00:59:16]} {[%emt 00:01:31]} 34.
Kg4 {[%clk 00:37:21]} {[%emt 00:01:30]} Rd5 {[%clk 00:58:41]} {[%emt 00:01:05]}
35. Rh5 {[%clk 00:35:36]} {[%emt 00:02:15]} c5 {[%clk 00:57:56]} {[%emt
00:01:16]} 36. Rxg5 {[%clk 00:34:27]} {[%emt 00:01:38]} Rd4+ {[%clk 00:53:50]}
{[%emt 00:04:37]} 37. Kf3 {[%clk 00:34:27]} {[%emt 00:00:30]} Kb6 {[%clk
00:50:59]} {[%emt 00:03:21]} 38. Ke2 {[%clk 00:28:27]} {[%emt 00:06:29]} c4
{[%clk 00:49:05]} {[%emt 00:02:25]} 39. Rg8 {[%clk 00:25:11]} {[%emt 00:03:45]}
Kc7 {[%emt 00:01:23]} 40. Rg3 {[%clk 00:24:47]} {[%emt 00:00:46]} Rh4 {[%clk
00:45:06]} {[%emt 00:03:44]} 41. h3 {[%clk 00:20:19]} {[%emt 00:04:59]} Kd6
{[%clk 00:44:35]} {[%emt 00:01:01]} 42. Kd2 {[%clk 00:19:51]} {[%emt 00:00:59]}
Kd5 {[%clk 00:42:17]} {[%emt 00:02:48]} 43. Kc3 {[%clk 00:19:03]} {[%emt
00:01:17]} Kc5 {[%clk 00:41:26]} {[%emt 00:01:22]} 44. Rg5+ {[%clk 00:18:38]}
{[%emt 00:00:54]} Kd6 {[%clk 00:41:29]} {[%emt 00:00:28]} 45. Rf5 {[%clk
00:18:27]} {[%emt 00:00:41]} Kc6 {[%clk 00:41:15]} {[%emt 00:00:45]} 46. Rf3
{[%clk 00:18:22]} {[%emt 00:00:35]} Kd5 {[%clk 00:40:08]} {[%emt 00:01:37]} 47.
Re3 {[%clk 00:17:55]} {[%emt 00:00:56]} Rh8 {[%clk 00:39:05]} {[%emt 00:01:33]}
48. g4 {[%clk 00:16:20]} {[%emt 00:02:06]} Ra8 {[%clk 00:38:07]} {[%emt
00:01:29]} 49. h4 {[%clk 00:14:44]} {[%emt 00:02:06]} Ra3+ {[%clk 00:38:32]}
{[%emt 00:00:05]} 50. Kd2 {[%clk 00:14:46]} {[%emt 00:00:27]} Ra2+ {[%clk
00:38:58]} {[%emt 00:00:06]} 51. Kc1 {[%clk 00:09:52]} {[%emt 00:05:22]} Rh2
{[%clk 00:38:51]} {[%emt 00:00:37]} 1/2-1/2

[Event "DEM U12 2023"]
[Site "Willingen GER"]
[Date "2023.06.02"]
[Round "8"]
[White "Glöckler, Christian"]
[Black "Nemitz, Alfred"]
[Result "1-0"]
[Termination "normal"]
[Board "1"]
[WhiteTitle "FM"]
[WhiteElo "2288"]
[BlackElo "2079"]
[WhiteClock "00:54:52"]
[BlackClock "00:00:35"]
[PlyCount "68"]
[WhiteFideId "34608966"]
[BlackFideId "34601791"]
[EventCountry "GER"]
[EventRounds "9"]
[EventType "swiss"]
[EventDate "2023.05.27"]

1. e4 {[%clk 01:30:57]} {[%emt 00:00:03]} e5 {[%clk 01:30:44]} {[%emt
00:00:16]} 2. Nf3 {[%clk 01:31:19]} {[%emt 00:00:07]} Nc6 {[%clk 01:31:09]}
{[%emt 00:00:05]} 3. Bb5 {[%clk 01:31:38]} {[%emt 00:00:11]} a6 {[%clk
01:31:34]} {[%emt 00:00:06]} 4. Ba4 {[%clk 01:32:05]} {[%emt 00:00:04]} Nf6
{[%clk 01:31:55]} {[%emt 00:00:08]} 5. O-O {[%clk 01:32:23]} {[%emt 00:00:12]}
Be7 {[%clk 01:32:19]} {[%emt 00:00:06]} 6. Re1 {[%clk 01:32:48]} {[%emt
00:00:05]} b5 {[%clk 01:32:44]} {[%emt 00:00:05]} 7. Bb3 {[%clk 01:33:10]}
{[%emt 00:00:08]} d6 {[%clk 01:33:05]} {[%emt 00:00:08]} 8. c3 {[%clk
01:33:19]} {[%emt 00:00:22]} O-O {[%clk 01:33:28]} {[%emt 00:00:07]} 9. h3
{[%clk 01:33:29]} {[%emt 00:00:19]} Na5 {[%clk 01:33:48]} {[%emt 00:00:09]} 10.
Bc2 {[%clk 01:33:50]} {[%emt 00:00:11]} c5 {[%clk 01:34:11]} {[%emt 00:00:06]}
11. d4 {[%clk 01:34:06]} {[%emt 00:00:14]} Qc7 {[%clk 01:34:34]} {[%emt
00:00:07]} 12. Nbd2 {[%clk 01:34:12]} {[%emt 00:00:26]} cxd4 {[%clk 01:34:39]}
{[%emt 00:00:24]} 13. cxd4 {[%clk 01:34:31]} {[%emt 00:00:11]} Nc6 {[%clk
01:35:02]} {[%emt 00:00:06]} 14. a3 {[%clk 01:33:59]} {[%emt 00:01:03]} exd4
{[%clk 01:19:59]} {[%emt 00:15:33]} 15. Nb3 {[%clk 01:33:30]} {[%emt 00:01:00]}
Bb7 {[%clk 01:08:24]} {[%emt 00:12:05]} 16. Bf4 {[%clk 01:30:59]} {[%emt
00:03:00]} Nd7 {[%clk 00:53:05]} {[%emt 00:15:48]} 17. Nbxd4 {[%clk 01:30:32]}
{[%emt 00:00:57]} Nxd4 {[%clk 00:52:58]} {[%emt 00:00:38]} 18. Nxd4 {[%clk
01:30:33]} {[%emt 00:00:30]} Rfd8 {[%clk 00:49:55]} {[%emt 00:03:32]} 19. Rc1
{[%clk 01:27:52]} {[%emt 00:03:10]} Ne5 {[%clk 00:49:02]} {[%emt 00:01:23]} 20.
Bb3 {[%clk 01:25:04]} {[%emt 00:03:19]} Qd7 {[%clk 00:48:23]} {[%emt 00:01:08]}
21. Ne6 {[%clk 01:21:56]} {[%emt 00:03:39]} fxe6 {[%clk 00:46:02]} {[%emt
00:02:51]} 22. Bxe5 {[%clk 01:22:09]} {[%emt 00:00:17]} Kh8 {[%clk 00:33:55]}
{[%emt 00:12:37]} 23. Bc3 {[%clk 01:20:21]} {[%emt 00:02:17]} Bf8 {[%clk
00:20:37]} {[%emt 00:13:47]} 24. Ba5 {[%clk 01:17:00]} {[%emt 00:03:52]} Rdc8
{[%clk 00:20:45]} {[%emt 00:00:23]} 25. Qg4 {[%clk 01:16:39]} {[%emt 00:00:50]}
Rxc1 {[%clk 00:20:45]} {[%emt 00:00:31]} 26. Rxc1 {[%clk 01:17:07]} {[%emt
00:00:03]} Rc8 {[%clk 00:21:06]} {[%emt 00:00:08]} 27. Rd1 {[%clk 01:16:29]}
{[%emt 00:01:07]} Re8 {[%clk 00:20:59]} {[%emt 00:00:37]} 28. Rd3 {[%clk
01:15:39]} {[%emt 00:01:20]} Qc6 {[%clk 00:14:26]} {[%emt 00:07:04]} 29. Re3
{[%clk 01:10:29]} {[%emt 00:05:39]} Qc1+ {[%clk 00:13:39]} {[%emt 00:01:17]}
30. Kh2 {[%clk 01:10:44]} {[%emt 00:00:15]} d5 {[%clk 00:07:39]} {[%emt
00:06:30]} 31. Rg3 {[%clk 01:01:33]} {[%emt 00:09:40]} dxe4 {[%clk 00:05:31]}
{[%emt 00:02:39]} 32. Qh5 {[%clk 00:57:59]} {[%emt 00:04:04]} Bc6 {[%clk
00:01:36]} {[%emt 00:04:25]} 33. Qf7 {[%clk 00:54:52]} {[%emt 00:03:37]} Qh6
34. Bc3 {[%clk 00:54:52]} e3 {[%clk 00:00:35]} 1-0